| 000 | 00661nam a2200289Ia 4500 | ||
|---|---|---|---|
| 005 | 20260324145242.0 | ||
| 008 | 008 260324s9999 xx 000 0 eng d | ||
| 020 | _a9781315629667 | ||
| 037 | _aEBOOK | ||
| 040 | _aCRL | ||
| 040 | _beng | ||
| 040 | _cCRL | ||
| 041 | _2eng | ||
| 041 | _aeng | ||
| 084 | _qCRL | ||
| 100 |
_aI. Ibrahim _91222309 |
||
| 245 | 0 | _aArab Resources | |
| 245 | 4 | _bThe Transformation of a Society | |
| 260 | _bTaylor and Francis | ||
| 260 | _c1983 | ||
| 365 | _a | ||
| 365 | _b240 | ||
| 856 | _uhttp://www.taylorfrancis.com/books/9781315629667 | ||
| 942 | _cEBOOK | ||
| 999 |
_c1829949 _d1829949 |
||